[Event "2nd Colonial Open 2021"]
[Site "Sterling"]
[Date "2021.04.05"]
[Round "5.6"]
[White "Liang, Jason"]
[Black "Park, Evan"]
[Result "1/2-1/2"]
[WhiteElo "2351"]
[BlackElo "2208"]
[Annotator "TA"]
[PlyCount "231"]
[EventDate "2021.04.02"]
[EventType "swiss"]
[EventCountry "USA"]
[SourceTitle "playchess.com"]
[Source "ChessBase"]
[SourceQuality "1"]

{[%evp 12,231,39,32,38,11,18,10,48,31,32,36,79,53,61,36,83,58,118,35,59,34,219,214,213,198,201,197,169,0,0,0,0,0,0,0,0,0,0,0,58,58,58,62,63,59,50,39,90,83,91,82,288,22,275,0,0,0,288,0,28,16,27,28,111,111,111,116,116,116,116,116,116,104,146,109,146,109,109,104,149,146,146,146,146,104,104,102,146,102,146,102,102,102,102,79,146,102,102,102,102,102,146,146,157,146,146,146,157,157,157,157,157,157,157,157,157,157,157,102,102,89,89,89,89,89,89,89,89,89,89,89,89,89,89,89,104,104,104,104,104,15,109,15,15,15,45,15,15,15,15,15,15,0,45,15,29,15,29,15,29,15,15,15,15,15,29,22,29,29,29,15,29,29,29,15,29,29,29,29,44,29,29,29,44,12,44,12,44,22,44,44,44,44,44,12,44,12,44,12,44,12,12,12,12,12,12,12,12,12,12,12,16,12,44,12,12,12,12,12,18,20]} 1. e4 g6 2. d4 Bg7 3. Nc3 a6 4. Be3 d6 5. Qd2 b5 6. O-O-O Nd7 7. f3 Bb7 {B06: Modern Defence.} 8. h4 h5 $1 9. Nh3 Rc8 {9...Ngf6 deserves study.} 10. Ng5 c5 11. e5 {was the old line (11.dxc5).} dxe5 12. dxc5 Ngf6 13. a4 {[#]} bxa4 $146 ({Predecessor:} 13... Qa5 14. axb5 axb5 15. Bxb5 O-O 16. Bxd7 Rcd8 17. Na4 Qa8 18. Qb4 Nxd7 19. Kb1 Bc6 {½-½ (65) Marechal,A (2306)-Le Quang,K (2287) Belgium 2018}) 14. Bc4 $36 {[%mdl 2048] White has good play.} e6 (14... O-O $14) 15. Nce4 (15. Qd3 $1 $16 {And now Bxe6! would win.} e4 16. Ncxe4 Bxe4 17. fxe4 (17. Nxe4 O-O $11)) 15... Bxe4 $14 16. fxe4 {Rhf1 is the strong threat.} Rc6 $2 ({Black should play} 16... O-O $14) 17. Rhf1 $1 $18 Qe7 18. Qb4 O-O {[%cal Rd7c5]} 19. Qb7 $1 {[%cal Rb7c6]} ({Resist} 19. Qxa4 $6 Rc7 $16) 19... Rxc5 20. Qb4 (20. Qxa6 $2 Rcc8 $19) (20. Bxa6 $2 a3 $17) (20. Bxc5 $18 Qxc5 21. Rxd7 (21. Qxa6 a3 $14) 21... Qxc4 22. Rd3) 20... Rfc8 21. Rxd7 Nxd7 22. Rxf7 Qxf7 23. Bxe6 {[%mdl 64] Pin} Rxc2+ 24. Kd1 $1 Qxe6 25. Nxe6 Nf8 ({Avoid the trap} 25... Rxg2 $2 26. Qe7 $18) (25... Bf6 $11) 26. Nxg7 $14 Kxg7 27. Qe7+ Kg8 28. Qxe5 R2c6 29. Bd4 {[%csl Gd4][%cal Re5g7][%mdl 1024] White has compensation.} R8c7 (29... Kf7 $14) 30. Ke2 $16 Rd7 31. Ke3 Re6 $2 (31... Kf7 $16 {is a better defense.}) 32. Qh8+ $18 Kf7 33. Bc5 $2 (33. Bg7 $1 $18 {[%csl Gg7][%cal Rh8f8]} Rd8 34. Bh6) 33... Rd8 $11 34. Bd4 $2 {[%mdl 8192]} (34. g3 $11) 34... Rd7 $1 $18 {[#]} 35. Qg7+ $2 (35. Bg7 $1 $18 {[%csl Gg7][%cal Rh8f8]} Rd8 36. Bh6) 35... Ke8 $11 36. Qg8 Rde7 $1 37. e5 Rxe5+ (37... Rb7 $1 $11) 38. Bxe5 $16 Rxe5+ $11 {[%mdl 4096] Endgame KQ-KRN} 39. Kd3 Rf5 40. Qc4 a5 41. Qxa4+ Kf7 42. Ke4 Kg7 43. Qd4+ Kg8 44. Qd6 Kf7 45. Qc7+ Kg8 46. g3 Kh8 47. Qd8 Kg8 48. Qd6 Kf7 49. b3 Kg8 50. Qe7 Rf7 51. Qg5 Rf5 52. Qh6 Rb5 53. Qc1 {Black must now prevent Qc4+.} Rf5 (53... Rb4+ $142 54. Ke5 Rb5+ 55. Kf6 Rf5+ 56. Ke7 Nh7) 54. Qc4+ Kg7 55. Qc8 Kf7 56. Qb7+ Kg8 57. Qc7 Kh8 58. Ke3 Kg8 59. Kd2 Rf2+ 60. Kc3 Rf5 61. Kb2 Kh8 62. Ka3 Kg8 63. Qe7 Rd5 64. Ka4 Rf5 65. Qe4 ({White should try} 65. Qa7) 65... Kf7 $16 66. g4 hxg4 67. Qxg4 Rh5 68. Ka3 Rf5 69. Qe4 Rh5 70. Kb2 Rf5 71. Kc3 Rc5+ 72. Kd4 Rf5 73. Qb7+ Kg8 74. Ke3 Rh5 75. Kf2 Rf5+ 76. Kg3 (76. Ke2 $16) 76... Rh5 {[#]} (76... Ne6 $11 {remains equal.}) 77. Kg4 (77. Kf3 $1 $16) 77... Rf5 $11 78. Qe7 Rh5 79. Qe4 Rf5 80. Qe3 Kg7 81. Qa7+ Kg8 82. Qe7 Rh5 83. Qf6 Rf5 84. Qc3 Rh5 85. Kh3 Rf5 86. Kg2 Rh5 87. Qc4+ Kg7 88. Qd4+ Kg8 89. Qg4 Rf5 90. Kg3 Kg7 91. Qe2 {Threatening Qe8.} Kg8 92. Qa2 Kg7 93. Kg4 Rh5 94. Qa1+ Kg8 95. Kh3 Rf5 96. Qa2 {aiming for b4+.} Kg7 97. Qb2+ Kg8 98. Kg2 Rh5 99. Qd2 Rf5 100. Kg3 Kg7 101. Qd4+ Kg8 102. Qa4 Rh5 103. Kf2 Rf5+ 104. Ke3 Rh5 105. Qa2 {Hoping for b4+.} Kg7 106. Kd3 Rf5 107. Qa1+ Kf7 108. Qh8 Rh5 109. Qb2 Rf5 110. Ke2 Kg8 111. Qa2 {Threatens to win with b4+.} Kg7 112. Ke1 Re5+ 113. Kd1 Rd5+ {The position is equal.} 114. Kc1 Rc5+ 115. Kb1 Rf5 {Strongly threatening ...Rf1+.} 116. Qb2+ {Black defended with fortune.  Weighted Error Value: White=0.24/Black=0.29} 1/2-1/2

[Event "2nd Colonial Open 2021"]
[Site "Sterling"]
[Date "2021.04.05"]
[Round "5.7"]
[White "Lu, Jason"]
[Black "Prasanna Raghuram Rao"]
[Result "0-1"]
[WhiteElo "2068"]
[BlackElo "2435"]
[Annotator "TA"]
[PlyCount "60"]
[EventDate "2021.04.02"]
[EventType "swiss"]
[EventCountry "USA"]
[SourceTitle "playchess.com"]
[Source "ChessBase"]
[SourceQuality "1"]

{[%evp 14,60,27,24,32,46,41,52,42,41,37,39,41,35,36,43,181,157,152,66,72,63,59,0,5,3,10,0,3,-48,12,-305,-308,-313,-235,-302,-303,-312,-333,-387,-388,-424,-401,-439,-418,-785,-782,-1397,-1326]} 1. e4 e5 2. Nf3 Nc6 3. Bc4 Nf6 4. Ng5 d5 5. exd5 Na5 6. Bb5+ c6 7. dxc6 bxc6 8. Bd3 Ng4 {C58: Two Knights: 4 Ng5 d5 5 exd5 Na5 sidelines.} 9. Ne4 f5 {[#]} 10. Be2 $1 h5 {[#]White is slightly better.} 11. h3 $1 fxe4 12. hxg4 {Strongly threatening Nc3.} Bc5 13. b4 (13. Rxh5 $2 Rxh5 14. Bf1 Rh1 $19) (13. gxh5 $2 O-O $19) 13... Qd4 {[%csl Gc5][%cal Rd4f2]} 14. bxc5 {Threatens to win with c3.} Qxa1 (14... O-O $14 15. O-O Qxa1 {[%mdl 64] Double Attack}) 15. Nc3 $18 {[#]} Be6 $146 ({Predecessor:} 15... e3 16. fxe3 Be6 17. gxh5 O-O-O 18. Bg4 Rhe8 19. O-O Qxc3 20. Bxe6+ Rxe6 21. dxc3 Rxd1 22. Rxd1 {1-0 (36) Poetsch,H (2408)-Hernandez,A (2285) Moscow 2011}) 16. Ba3 ({Don't do} 16. Nxe4 $6 h4 $16) ({Much weaker is} 16. Rxh5 $6 O-O-O $11) (16. gxh5 $16 Nb7 17. Nxe4) 16... Qxd1+ $14 17. Bxd1 h4 18. Bb4 (18. Nxe4 $14 Rb8 19. Nc3) 18... Nb7 19. Nxe4 Bxa2 20. Bf3 Bd5 21. d3 (21. Bc3 $11) 21... Nd8 (21... Kd7 $15) 22. c4 $2 {[%mdl 8192]} (22. Bc3 $11) 22... Bxe4 $19 23. dxe4 Ne6 24. Bc3 a5 {[%cal Ba7a5,Ba5a4,Ba4a3,Ba3a2][%mdl 32]} ({Not} 24... Nxc5 25. Ke2 $17) 25. Bxe5 a4 26. Bd1 a3 27. Bc2 O-O 28. f3 Rfd8 29. Bc3 (29. Ke2 $142 a2 30. Ra1) 29... a2 30. Kf2 Ra3 {Never resign too early!  Weighted Error Value: White=0.89/Black=0.22} 0-1

[Event "2nd Colonial Open 2021"]
[Site "Sterling"]
[Date "2021.04.05"]
[Round "5.8"]
[White "Zaloznyy, Mike"]
[Black "Tunc, Skyler"]
[Result "1-0"]
[WhiteElo "1996"]
[BlackElo "1779"]
[Annotator "TA"]
[PlyCount "76"]
[EventDate "2021.04.02"]
[EventType "swiss"]
[EventCountry "USA"]
[SourceTitle "playchess.com"]
[Source "ChessBase"]
[SourceQuality "1"]

{[%evp 19,76,0,-1,-8,0,-17,15,0,0,0,0,0,0,0,0,0,0,0,0,-40,0,0,0,-23,-10,-37,-14,-22,-22,-11,0,-6,0,0,0,0,0,0,0,0,0,2,6,4,16,27,26,0,0,0,1273,1262,1254,1233,1183,1172,29992,756,1367]} 1. Nf3 d5 2. c4 c6 3. b3 Nf6 4. g3 g6 5. Bg2 Bg7 6. Bb2 O-O 7. O-O Nbd7 8. d3 b6 9. Nbd2 Bb7 10. Rc1 Re8 11. cxd5 {A11: English Opening: 1...c6.} cxd5 {[#]} 12. Ne5 $146 ({Predecessor:} 12. Rc2 Rc8 13. Rxc8 Qxc8 14. Qb1 Nh5 15. Rc1 Qb8 16. Bxg7 Nxg7 17. Bh3 Nf6 18. Rc2 Rd8 19. Qc1 Nge8 20. Qb2 Bc8 21. Bg2 Bb7 22. Bh3 Bc8 23. Bg2 {½-½ (23) Menon,M (1666)-Albi Bachini Conti,S (1701) Arco 2015}) 12... Rc8 13. Bh3 {The position is equal.} Rxc1 14. Qxc1 e6 15. Ndf3 Nxe5 16. Nxe5 Nd7 17. f4 Nxe5 18. fxe5 Qd7 19. Bd4 Qe7 20. Bg2 Rc8 21. Qd2 Qa3 22. g4 Rc7 23. h4 Qe7 24. g5 Qd8 25. Bf3 Qc8 26. Bg4 Rc2 27. Qf4 Qd7 28. a4 Bc8 29. h5 Qc7 30. Kg2 Qe7 31. Kg3 Rc7 32. Bb2 Bf8 33. hxg6 hxg6 34. Rh1 {[#] Threatens to win with Ba3!} Qb4 {[%mdl 8192]} (34... Rc2 $11 35. Bd4 Bg7) 35. Qf6 $18 {[%csl Gf6][%cal Rh1h8]} Bg7 36. Qd8+ {[%mdl 64] Double Attack} Bf8 37. Qxc7 Qxb3 {[#]} 38. Qc3 (38. Rf1 $142 $1 f5 39. exf6 Qxb2 40. Rh1 Bd6+ 41. Qxd6 Qe5+ 42. Qxe5 Bd7 43. Bxe6+ Bxe6 44. Qxe6+ Kf8 45. Rh8#) 38... Qb4 {Weighted Error Value: White=0.09/Black=0.36} 1-0

[Event "2nd Colonial Open 2021"]
[Site "Sterling"]
[Date "2021.04.04"]
[Round "5.9"]
[White "Yogeshwar Yehamandram Sridhar"]
[Black "Peraino, Andrew"]
[Result "1-0"]
[WhiteElo "1794"]
[BlackElo "2029"]
[Annotator "TA"]
[PlyCount "105"]
[EventDate "2021.04.02"]
[EventType "swiss"]
[EventCountry "USA"]
[SourceTitle "playchess.com"]
[Source "ChessBase"]
[SourceQuality "1"]

{[%evp 12,105,43,34,35,39,72,25,23,29,30,28,131,19,18,14,66,27,127,120,100,106,147,115,189,165,189,157,204,91,70,-62,-36,-56,10,8,68,67,64,31,46,40,49,0,35,25,47,49,54,53,48,-6,154,0,163,168,166,155,223,165,152,152,160,146,209,0,51,68,61,60,187,0,104,82,611,612,585,566,566,490,499,437,627,612,2585,1463,29989,29990,29990,29991,29991,29992,29994,29994,29996,29995]} 1. e4 d6 2. d4 Nf6 3. Nc3 g6 4. Nf3 Bg7 5. Bc4 c6 6. Bb3 O-O 7. a4 Qc7 {B06: Modern Defence.} 8. O-O {[#]} a6 $146 ({Predecessor:} 8... e5 9. h3 Nbd7 10. Be3 exd4 11. Bxd4 Re8 12. Re1 Nf8 13. e5 dxe5 14. Bxe5 Qd7 15. Ng5 {½-½ (29) Geshko,A (2172)-Zakhartsov,V (2490) St Petersburg 2018}) 9. Qe2 Bg4 {White has an edge.} 10. Be3 Nbd7 11. h3 Bh5 (11... Bxf3 $11 12. Qxf3 c5) 12. Bf4 ({White should try} 12. g4 $16) 12... e5 13. dxe5 dxe5 (13... Bxf3 $11 14. Qxf3 Nxe5) 14. Be3 (14. Bg5 {is more complex.} h6 15. Be3 g5 16. Rfd1 b5 17. g4) 14... Kh8 (14... Bxf3 $11 {remains equal.} 15. Qxf3 Qd6) 15. a5 Bxf3 16. Qxf3 (16. gxf3 $6 Nh5 $11) 16... Nh5 17. g3 ({Not} 17. Bxf7 Nb8 $15) 17... f5 (17... Qd6 $16 {is a better defense.}) 18. exf5 $1 $18 Rxf5 19. Qd1 Nf4 20. Bxf4 (20. gxf4 $18 exf4 21. Bd4) 20... exf4 $16 21. g4 (21. Be6 $14 fxg3 22. Bxf5 (22. Bxd7 $2 Rxf2 23. Qg4 Rd2 $19) (22. Qxd7 $2 gxf2+ 23. Kh1 Qf4 $19) 22... gxf5 23. Kh1) 21... Rff8 22. Ne4 Rad8 (22... Rae8 $15 23. Qd6 Qd8) 23. Qd6 $1 $11 {[%cal Rd6c7]} Qc8 (23... Qxd6 $11 24. Nxd6 Bxb2) 24. Be6 $1 $36 {[%mdl 2048] Strongly threatening Rfd1. White has good play.} Qb8 25. Rad1 Ne5 26. Qxb8 Rxb8 27. Nd6 Nf3+ {[%mdl 64] Discovered Attack} 28. Kh1 {And now Nf7+ would win.} Bxb2 29. Nf7+ Kg7 30. Rd7 {Threatens to win with Ng5+.} Kf6 31. Rfd1 {[#]} Rfe8 $2 (31... Rxf7 $1 $11 32. Bxf7 Ne5 {[%mdl 64] Double Attack}) 32. Bb3 $2 (32. Bc4 $16 {Black must now prevent R1d6+.} Re1+ 33. Rxe1 Nxe1 34. g5+ Kg7 35. Nd6+ Kh8 36. Nxb7) 32... Re1+ $2 (32... Ba3 $1 $11 {and Black has nothing to worry.}) 33. Rxe1 $18 Nxe1 34. Nd6 h5 (34... Nf3 $16) 35. Rf7+ Kg5 36. Ne4+ Kh4 37. gxh5 g5 (37... Re8 $16 {was worth a try.}) 38. Nd6 $2 (38. c3 $1 $18) 38... Kxh3 (38... Rd8 $11 39. Ne4 Re8) 39. Be6+ $14 Kh4 40. h6 {Hoping for Bc8.} Nxc2 {[#]} ({Better is} 40... Rd8 $1 $14 41. h7 (41. Nxb7 $2 Rd1 $19) 41... Nxc2) 41. Rg7 $2 Rd8 ({Don't go for} 41... Bxg7 $2 42. hxg7 Rd8 43. Nxb7 $18) (41... Kh5 $11 {keeps the balance.}) 42. Nf5+ $16 Kh5 $2 {[%mdl 8192] [#]} (42... Kg4 $16) 43. f3 $1 $18 {[%cal Re6f7]} Rf8 44. Bf7+ Rxf7 45. Rxf7 {[%mdl 4096] Endgame aiming for Rg7! KRN-KBN} Kg6 46. Rxb7 Bc3 {[#]} (46... Bf6 $142 47. Ne7+ Kxh6 48. Ng8+ Kg6) 47. Rb6 $1 Kxf5 (47... Nb4 48. Ne7+) 48. Rxc6 Bxa5 49. h7 {White mates.} Nd4 50. Rc5+ {[%mdl 64] Double Attack} Kg6 51. h8=Q Nxf3 52. Rxa5 Nh4 53. Qg8+ {Weighted Error Value: White=0.29/Black=0.70} 1-0